A Textbook of Algae. (Record no. 7315)

MARC details
000 -LEADER
fixed length control field 00564nam a22002057a 4500
003 - CONTROL NUMBER IDENTIFIER
control field OSt
005 - DATE AND TIME OF LATEST TRANSACTION
control field 20211001143906.0
008 - FIXED-LENGTH DATA ELEMENTS--GENERAL INFORMATION
fixed length control field 211001b ||||| |||| 00| 0 eng d
020 ## - INTERNATIONAL STANDARD BOOK NUMBER
International Standard Book Number 812390049X
040 ## - CATALOGING SOURCE
Transcribing agency DDC
082 ## - DEWEY DECIMAL CLASSIFICATION NUMBER
Classification number 587BIL 1992
100 ## - MAIN ENTRY--PERSONAL NAME
Personal name Bilgrami K.S.; Saha L.C.;
9 (RLIN) 14998
245 ## - TITLE STATEMENT
Title A Textbook of Algae.
Statement of responsibility, etc. Edited by Bilgrami K.S. and Saha L.C.;
250 ## - EDITION STATEMENT
Edition statement 1st Ed.
260 ## - PUBLICATION, DISTRIBUTION, ETC. (IMPRINT)
Place of publication, distribution, etc. India.
Name of publisher, distributor, etc. CBS
Date of publication, distribution, etc. 1992
300 ## - PHYSICAL DESCRIPTION
Extent x,260p;
Other physical details ill;
Dimensions 23cm.
504 ## - BIBLIOGRAPHY, ETC. NOTE
Bibliography, etc Includes; references,glossary and index.
650 ## - SUBJECT ADDED ENTRY--TOPICAL TERM
Topical term or geographic name as entry element Biology
9 (RLIN) 5602
942 ## - ADDED ENTRY ELEMENTS (KOHA)
Source of classification or shelving scheme Dewey Decimal Classification
Koha item type Open Shelf
Holdings
Withdrawn status Lost status Source of classification or shelving scheme Damaged status Not for loan Home library Current library Date acquired Source of acquisition Inventory number Total Checkouts Full call number Barcode Date last seen Price effective from Koha item type
    Dewey Decimal Classification     MUST Main Library MUST Main Library 01/10/2021 Purchase 98/11974   587BIL 1992 2021-1382 01/10/2021 01/10/2021 Open Shelf
    Dewey Decimal Classification     MUST Main Library MUST Main Library 25/06/2024 Purchase 2006/27096   587BIL 1992 2024-21200 25/06/2024 25/06/2024 Open Shelf